Il ritratto di Antonio Rosmini / (Record n. 3377)

Dettagli MARC
000 -LEADER
fixed length control field 00805nam a2200229 i 4500
003 - CONTROL NUMBER IDENTIFIER
control field IT-RoINE
005 - DATE AND TIME OF LATEST TRANSACTION
control field 20140429152723.0
008 - FIXED-LENGTH DATA ELEMENTS--GENERAL INFORMATION
fixed length control field 031003s1929 it |r 000 b ita d
040 ## - CATALOGING SOURCE
Original cataloging agency PUG
Language of cataloging ita
Transcribing agency IT-RoINE
Modifying agency IT-RoINE
100 1# - MAIN ENTRY--PERSONAL NAME
Personal name Tommaseo, Niccolò,
Dates associated with a name 1802-1874
9 (RLIN) 335
245 13 - TITLE STATEMENT
Title Il ritratto di Antonio Rosmini /
Statement of responsibility, etc Niccolò Tommaseo ; con introduzione e note di Carlo Curto.
260 ## - PUBLICATION, DISTRIBUTION, ETC. (IMPRINT)
Place of publication, distribution, etc Torino :
Name of publisher, distributor, etc Paravia,
Date of publication, distribution, etc 1929.
300 ## - PHYSICAL DESCRIPTION
Extent XII, 182 p., [1] h. de lám. ;
Dimensions 20 cm.
336 ## - CONTENT TYPE
Source rdacontent
Content type term text
337 ## - MEDIA TYPE
Source rdamedia
Media type term unmediated
338 ## - CARRIER TYPE
Source rdacarrier
Carrier type term volume
490 10 - SERIES STATEMENT
Series statement Piccola biblioteca rosminiana
600 14 - SUBJECT ADDED ENTRY--PERSONAL NAME
Personal name Antonio Rosmini Serbati,
Titles and other words associated with a name Beato,
Dates associated with a name 1797-1855
9 (RLIN) 3989
General subdivision Biografía
700 1# - ADDED ENTRY--PERSONAL NAME
Personal name Curto, Carlo,
Dates associated with a name 1892-
9 (RLIN) 6798
830 #0 - SERIES ADDED ENTRY--UNIFORM TITLE
Uniform title Piccola biblioteca rosminiana
9 (RLIN) 6799
942 ## - ADDED ENTRY ELEMENTS (KOHA)
Item type Monografías
Dati di copia
Withdrawn status Lost status Damaged status Not for loan Home library Current library Date acquired Total Checkouts Full call number Barcode Date last seen Price effective from Koha item type
        Iglesia Nacional Española en Roma Iglesia Nacional Española en Roma 29/04/2014   BIO 1376 3836 29/04/2014 29/04/2014 Monografías